008100000a220009700045001000029000002450046000293000037000755200553001126500012006657730035006771 aWright, Christopher J.H.10aThe whole church-a brief biblical survey. aVo.34, no.1 (jun., 2010),p.14-28 aSi pensamos en la iglesia como comunidad de personas que confiesan a Jesús de Nazaret como Señor y salvador, y que tratan de vivir como viven como sus seguidores en el poder del Espíritu Santo, entonces el origen histórico de esa comunidad, que se define en relación a Cristo Jesús, que se remonta hasta el día de Pentecostés en el Nuevo Testamento. Sin embargo, los cristianos creen que la iglesia es una comunidad que ha sido llamada a la existencia de Dios, un pueblo constituido por Dios para el propósito de Dios en el mundo.14aIGLESIA0 tEvangelical Review of Theology